Sobre la selección natural /

Nadie ha contribuido más a dar forma a nuestra concepción de lo que nos hace humanos que Charles Darwin, cuya teoría de la evolución puso del revés las concepciones victorianas, reescribió por completo nuestras nociones de la vida en la Tierra y es atacada todavía hoy por los creacionistas religioso...

Descripción completa

Detalles Bibliográficos
Autor principal: Darwin, Charles 1809-1882
Formato: Libro
Lenguaje:español
Publicado: Buenos Aires Taurus 2013
Colección:Great Ideas
Materias:
Acceso en línea:

MARC

LEADER 00000cam a2200000 a 4500
001 002389
003 UAHC_CL
005 20170803115830.0
008 141017s2013 ag 000 spa
020 |a 9789870425595 
040 |a UAHC_CL  |c UAHC_CL  |d UAHC_CL 
082 0 4 |a 180  |b D228  |2 20 
100 1 |a Darwin, Charles  |d 1809-1882 
245 1 0 |a Sobre la selección natural /  |c Charles Darwin. 
260 |b Taurus  |a Buenos Aires  |c 2013 
300 |a 160 p. 
490 0 |a Great Ideas 
520 |a Nadie ha contribuido más a dar forma a nuestra concepción de lo que nos hace humanos que Charles Darwin, cuya teoría de la evolución puso del revés las concepciones victorianas, reescribió por completo nuestras nociones de la vida en la Tierra y es atacada todavía hoy por los creacionistas religiosos. 
650 4 |a EVOLUCION 
650 4 |a ORIGEN DE LAS ESPECIES 
653 |a ESTUDIOS GENERALES 
900 |a 180 DAR 
942 |c BK 
952 |0 0  |1 0  |4 0  |6 180_000000000000000_DAR  |7 0  |8 General  |9 5388  |a BC  |b BC  |c General  |d 2017-08-03  |l 1  |m 3  |o 180 DAR  |p 1421402  |r 2026-01-07 00:00:00  |s 2018-04-24  |t 1  |w 2017-08-03  |y BK 
952 |0 0  |1 0  |4 0  |6 180_000000000000000_DAR  |7 0  |8 General  |9 5389  |a BC  |b BC  |c General  |d 2017-08-03  |l 0  |o 180 DAR  |p 1421403  |r 2026-01-07 00:00:00  |t 2  |w 2017-08-03  |y BK 
999 |c 2389  |d 2389